000 00356 a2200121 4500
001 ART_7387
005 20260410161700.0
008 260409a
245 1 0 _aIncertidumbre y dolarización de cartera
100 1 _aBurdisso, Tamara
700 1 _aCorso, Eduardo Ariel
773 0 _tEnsayos Económicos
_g- Nº 63 (jul./sep. 2011)
_wREV620
999 _c15087
_d15087